书目信息 |
| 题名: |
夜路
|
|
| 作者: | 汉娜 著 ;梁欣琢 译 | |
| 分册: | ||
| 出版信息: | 成都 四川人民出版社 2022.05 |
|
| 页数: | 349页 | |
| 开本: | 23cm | |
| 丛书名: | ||
| 单 册: | ||
| 中图分类: | I712.45 | |
| 科图分类: | ||
| 主题词: | 长篇小说--chang pian xiao shuo--美国--现代 | |
| 电子资源: | ||
| ISBN: | 978-7-220-12513-3 | |
| 000 | 01071nam0 2200241 450 | |
| 001 | 011025153059 | |
| 005 | 20221025153059.0 | |
| 010 | @a978-7-220-12513-3@dCNY88.00 | |
| 100 | @a20201004d2022 em y0chiy0120 ea | |
| 101 | 1 | @achi@ceng |
| 102 | @aCN@b510000 | |
| 105 | @ay z 000ay | |
| 106 | @ar | |
| 200 | 1 | @a夜路@Aye lu@dNight road@f(美) 克莉丝汀·汉娜(Kristin Hannah) 著@g粱欣琢译@zeng |
| 210 | @a成都@c四川人民出版社@d2022.05 | |
| 215 | @a349页@d23cm | |
| 330 | @a对于一位母亲,生活意味着一连串选择。坚持……放手……遗忘……原谅……你将选择哪一条道路?关于母性、个性、爱情、原谅,《夜路》都提出了深刻的问题。这是一部倾向光明而又令人心碎的小说,既能引起失去的巨大悲痛,又能激发希望的惊人力量。关于对家庭的渴望,关于人心的韧性,关于原谅所爱之人的勇气,克丽丝汀?汉娜尽她所能,讲述了一个难忘的故事。 | |
| 510 | 1 | @aNight road@zeng |
| 606 | 0 | @a长篇小说@Achang pian xiao shuo@y美国@z现代 |
| 690 | @aI712.45@v5 | |
| 701 | 0 | @c(美)@a汉娜@Ahan na@g(Hannah, Kristin@f1960-)@4著 |
| 702 | 0 | @a梁欣琢@Aliang xin zhuo@4译 |
| 905 | @a河南城建学院图书馆@dI712.45@eK6562 | |
| 夜路=Night road/(美) 克莉丝汀·汉娜(Kristin Hannah) 著/粱欣琢译.-成都:四川人民出版社,2022.05 |
| 349页;23cm |
| ISBN 978-7-220-12513-3:CNY88.00 |
| 对于一位母亲,生活意味着一连串选择。坚持……放手……遗忘……原谅……你将选择哪一条道路?关于母性、个性、爱情、原谅,《夜路》都提出了深刻的问题。这是一部倾向光明而又令人心碎的小说,既能引起失去的巨大悲痛,又能激发希望的惊人力量。关于对家庭的渴望,关于人心的韧性,关于原谅所爱之人的勇气,克丽丝汀?汉娜尽她所能,讲述了一个难忘的故事。 |
| ● |
| 相关链接 |
|
|
|
正题名:夜路
索取号:I712.45/K6562
 
预约/预借
| 序号 | 登录号 | 条形码 | 馆藏地/架位号 | 状态 | 备注 |
| 1 | 1586638 | 215866383 | 文学库116/116文学库 27排1列5层/ [索取号:I712.45/K6562] | 在馆 | |
| 2 | 1586639 | 215866392 | 文学库116/116文学库 27排1列5层/ [索取号:I712.45/K6562] | 在馆 |